| 000 | 00652nam a22002177a 4500 | ||
|---|---|---|---|
| 005 | 20170124110255.0 | ||
| 010 | _a710993 | ||
| 020 | _c20.00 | ||
| 035 | _a710993 | ||
| 037 | _bCen Lib/Ret | ||
| 040 |
_aDPL _bEN |
||
| 082 |
_a915.4 _bHIL |
||
| 245 |
_aHill resorts of India and Nepal : _cedited by A.C.Khanna...[et al.] _ba travellers guide / |
||
| 260 |
_aNew Delhi _bNest & Wings _c1972 |
||
| 270 |
_aF-5, Hauz Khas Enclave _bNew Delhi _e110001 |
||
| 300 |
_aVarious pages. : _c20cm(Hb) _bill. |
||
| 650 |
_aTravel _925007 |
||
| 650 |
_aNepal _zIndia _930281 |
||
| 700 |
_aKhanna, A.C. _9106494 |
||
| 942 |
_2ddc _cEN _h915.4 _mHIL |
||
| 999 |
_c136135 _d136135 |
||